000 00315nam a22001337a 4500
003 SGT
082 _a617.632
_bF16J
100 _aJAYASHREE, KASSAL
245 _aFAILURES IN DENTAL IMPLANTS
260 _aDELHI NCR
_bSGT UNIVERSITY GURUGRAM
_c2016
300 _a1-59
650 _aPERIODONTICS
942 _2ddc
_cTH
999 _c19035
_d19035